Loading...
| Literature - World | 2 | 5 | 0 | 1 | 80 | 68 | 100.71 | 1 | 3 | 0.00 | 0.00 |
| Literature - European | 4 | 2 | 1 | 0 | 75 | 45 | 91.17 | 0 | 4 | 0.00 | 0.00 |
| Visual Arts | 2 | 4 | 2 | 0 | 60 | 46 | 84.67 | 2 | 6 | 0.00 | 0.00 |
| Beliefs | 0 | 6 | 1 | 1 | 55 | 84 | 101.50 | 1 | 3 | 0.00 | 0.00 |
| Fine Arts - Other Arts | 1 | 3 | 1 | 1 | 40 | 67 | 104.00 | 0 | 1 | 0.00 | 0.00 |
| Literature - American | 1 | 3 | 2 | 1 | 35 | 52 | 109.50 | 1 | 2 | 0.00 | 0.00 |
| Literature - British | 1 | 2 | 0 | 0 | 35 | 62 | 97.67 | 0 | 2 | 0.00 | 0.00 |
| History - European | 0 | 2 | 0 | 0 | 20 | 107 | 107.50 | 0 | 0 | 0.00 | 0.00 |
| History - World | 0 | 2 | 0 | 1 | 20 | 90 | 108.50 | 0 | 0 | 0.00 | 0.00 |
| Science - Other | 0 | 2 | 0 | 1 | 20 | 77 | 89.50 | 1 | 1 | 0.00 | 0.00 |
| History - American | 0 | 1 | 0 | 1 | 10 | 128 | 128.00 | 0 | 0 | 0.00 | 0.00 |
| History - Other | 0 | 1 | 0 | 1 | 10 | 136 | 136.00 | 0 | 0 | 0.00 | 0.00 |
| History - Ancient | 0 | 1 | 0 | 0 | 10 | 126 | 126.00 | 0 | 1 | 0.00 | 0.00 |
| Modern World | 0 | 1 | 0 | 0 | 10 | 108 | 108.00 | 0 | 0 | 0.00 | 0.00 |
| Science - Biology | 0 | 1 | 0 | 1 | 10 | 129 | 129.00 | 0 | 0 | 0.00 | 0.00 |
| Science - Physics | 0 | 1 | 0 | 0 | 10 | 119 | 119.00 | 0 | 0 | 0.00 | 0.00 |
| Geography | 0 | 0 | 1 | 0 | -5 | 0.00 | 0 | 0 | 0.00 | 0.00 |